Gaming Quiz

Random Gaming or Video Games Quiz

Xbox 360 Game by Achievement Quiz Stats

Quiz Updated Jan 27, 2013

Challenge
Share
Tweet
Embed
Score 0/35 Timer 08:00
0 Plays Today
Achievement Name Game % Correct
Fear the Pink MistHalo 3
82.6%
Liberty City MinuteGrand Theft Auto 4
65.8%
AN-I-MAL!!!Rock Band
59.2%
See Me, Stab Me, Heal MeCall of Duty: Black Ops
51.1%
Once in a lifetimeFIFA 11
47.4%
Seriously ...Gears of War
45.2%
The Chicken KickerFable II
42.2%
Who Needs the PowerGuitar Hero III: Legends of Rock
40.8%
How the West Was WonRed Dead Redemption
40.1%
Psychotic PranksterFallout 3
38.8%
Yes, SenseiHalo: Reach
37.1%
MANBEARPIG!South Park Let's Go Tower Defense Play!
30.9%
Crowd PleaserLEGO Star Wars: The Complete Saga
25.2%
Press START to PlayThe Simpsons Game
23.1%
May I have this dance?Mirror's Edge
22.4%
My Brother is an Italian PlumberBorderlands
22.3%
Woo Hoo!The Sims 3
21.9%
Grand Pearl Pooh-BahHexic HD
21.5%
Achievement Name Game % Correct
Orb HunterCrackdown
18.6%
Ace of AdventurePeggle
17.9%
Little Rocket ManThe Orange Box
17.5%
Be gentle with herPrince of Persia
17.1%
No Job Too BigGhostbusters: The Video Game
16.8%
Solid GoldForza Motorsport 3
14.7%
Turd BurglarDuke Nukem Forever
14.7%
52 Pick-UpAlice: Madness Returns
12.2%
I'm A Bit... I Mean WitchBayonetta
12%
JinjonatoredBanjo-Kazooie
12%
Running the ShowHalo Wars
10.5%
One with CombatAvatar: The Last Airbender: The Burning Earth
9.7%
No Point in DyingLimbo
8.9%
MarathonTrials HD
8.5%
Proud MillionaireDevil May Cry 4
8%
Treasure HunterFinal Fantasy XIII
8%
MinimalistShadow Complex
5.6%

You're not logged in!

Compare scores with friends on all Sporcle quizzes.
Sign Up with Email
OR
Log In

You Might Also Like...

Show Comments

Extras

Top Quizzes Today


Score Distribution

Your Account Isn't Verified!

In order to create a playlist on Sporcle, you need to verify the email address you used during registration. Go to your Sporcle Settings to finish the process.